000 00777nam a2200289Ia 4500
003 OSt
005 20220912145821.0
006 a|||||r|||| 00| 0
007 ta
008 220909b |||||||| |||| 00| 0 eng d
020 _a9783540725992 (hbd)
024 _a81966
037 _cTextbook
040 _aCSL
_beng
_cCSL
041 _aeng
082 _aC21, P7 TC
100 _aSolyom Jeno
245 0 _aFundamentals of the physics of solids
260 _aBerlin
_bSpringer
_c2007
300 _ap.
_ccm.
500 _aIncludes bibliographical references.; Index 679-695p.
650 _a Solids
650 _aPhysics
700 _a Piroth Attila
942 _hC21, P7 TC
_cTB
_2CC
999 _c38923
_d38923